The Lincoln persuasion : (Record no. 4758)
[ view plain ]
| 000 -LEADER | |
|---|---|
| fixed length control field | 00668cam a22002052 4500 |
| 001 - CONTROL NUMBER | |
| control field | 0000000380 |
| 005 - DATE AND TIME OF LATEST TRANSACTION | |
| control field | 20151217151748.0 |
| 008 - FIXED-LENGTH DATA ELEMENTS--GENERAL INFORMATION | |
| fixed length control field | 070125s xx 000 0 eng d |
| 020 ## - INTERNATIONAL STANDARD BOOK NUMBER | |
| International Standard Book Number | 0691037647 : |
| 040 ## - CATALOGING SOURCE | |
| Original cataloging agency | KABU |
| Transcribing agency | KABU |
| 050 #0 - LIBRARY OF CONGRESS CALL NUMBER | |
| Classification number | E302.1 |
| Item number | .G74 |
| 100 1# - MAIN ENTRY--PERSONAL NAME | |
| Personal name | Greenstone, J. David. |
| -- | 0000170455 |
| 245 14 - TITLE STATEMENT | |
| Title | The Lincoln persuasion : |
| Remainder of title | remarking American liberalism / |
| Statement of responsibility, etc. | J. David Greenstone. |
| 260 ## - PUBLICATION, DISTRIBUTION, ETC. (IMPRINT) | |
| Place of publication, distribution, etc. | Princeton, NJ : |
| Name of publisher, distributor, etc. | Princeton University Press, |
| Date of publication, distribution, etc. | 1993. |
| 300 ## - PHYSICAL DESCRIPTION | |
| Extent | xxxiii, 312 p. |
| 651 #0 - SUBJECT ADDED ENTRY--GEOGRAPHIC NAME | |
| Geographic name | United States |
| General subdivision | Politics and government |
| Chronological subdivision | 1783-1865. |
| -- | 0000148545 |
| 908 ## - PUT COMMAND PARAMETER (RLIN) | |
| Put command parameter | 070125 |
| 950 ## - LOCAL HOLDINGS (RLIN) | |
| -- | 1 |
| Withdrawn status | Lost status | Source of classification or shelving scheme | Not for loan | Home library | Current library | Date acquired | Total Checkouts | Full call number | Barcode | Date last seen | Price effective from | Koha item type |
|---|---|---|---|---|---|---|---|---|---|---|---|---|
| Library of Congress Classification | Kabarak, Main Campus | Kabarak, Main Campus | 17/12/2015 | E302.1 .G74 | 000847 | 17/12/2015 | 17/12/2015 | General Collection |